Ciencia y tecnología en América Latina en el siglo XXI

Збережено в:
Бібліографічні деталі
Співавтор: Consejo Nacional de Investigaciones Científicas y Tecnológicas
Формат: Невідомо
Опубліковано: San José: El Consejo
Теги: Додати тег
Немає тегів, Будьте першим, хто поставить тег для цього запису!

MARC

LEADER 00000 a2200000 04500
001 19510
003
008 991231s d
040
090 |a 023505  
110 |a Consejo Nacional de Investigaciones Científicas y Tecnológicas  
245 |a Ciencia y tecnología en América Latina en el siglo XXI  
260 |a San José:   |b El Consejo  
300 |a p. varia  
999 |c 11407  |d 11407